Perspektívy vývoja Slovenska
Monetárna politika a inflácia. Hlavné ciele fiškálnej politiky Slovenska pre rok 2012. Predpoklady ekonomického rastu. Zahranično-obchodná politika.
Salvato in:
| Autore principale: | |
|---|---|
| Natura: | Capitolo di libro |
| Lingua: | slovacco |
| Soggetti: | |
| Tags: |
Nessun Tag, puoi essere il primo ad aggiungerne!!
|
MARC
| LEADER | 00000nla a2200000 4500 | ||
|---|---|---|---|
| 001 | 0160857 | ||
| 005 | 20240502072806.9 | ||
| 041 | 0 | |a slo | |
| 044 | |a SK | ||
| 245 | 1 | 0 | |a Perspektívy vývoja Slovenska |c Ivana Lennerová |
| 520 | |a Monetárna politika a inflácia. Hlavné ciele fiškálnej politiky Slovenska pre rok 2012. Predpoklady ekonomického rastu. Zahranično-obchodná politika. | ||
| 610 | 2 | 0 | |a rast hospodársky |
| 610 | 2 | 0 | |a Slovensko |
| 610 | 2 | 0 | |a prognózy |
| 610 | 2 | 0 | |a prognózy hospodárske |
| 610 | 2 | 0 | |a politika finančná |
| 610 | 2 | 0 | |a politika obchodná |
| 100 | 1 | |a Lennerová, Ivana, 1979- | |